[Event "15th Lazio Festival 2022"]
[Site "Rome"]
[Date "2022.01.03"]
[Round "2.5"]
[White "Careddu, Angelo"]
[Black "Maxion, Dirk"]
[Result "0-1"]
[WhiteElo "1820"]
[BlackElo "2089"]
[Annotator "TA"]
[PlyCount "124"]
[EventDate "2022.01.02"]
[EventType "swiss"]
[EventCountry "ITA"]
[SourceTitle "playchess.com"]
[Source "ChessBase"]
[SourceQuality "1"]

{[%evp 14,124,18,13,41,0,0,0,0,0,0,0,0,0,0,0,0,0,15,15,45,47,93,93,101,89,107,41,52,58,52,25,21,20,18,-15,3,-30,-27,-175,-159,-192,-197,-231,-233,-258,-254,-244,-249,-330,-243,-243,-243,-241,-234,-219,-189,-211,-201,-263,-254,-249,-238,-769,-890,-906,-882,-785,-758,-790,-788,-759,-484,-12833,-12834,-12834,-12835,-12828,-325,-324,-319,-307,-293,-254,-209,-12840,-12840,-12840,-12835,-12832,-12833,-12834,-12834,-12839,-12839,-12839,-12836,-12837,-12837,-12837,-12837,-12839,-12837,-12839,-12839,-12845,-12845,-12846,-12846,-12846,-12845,-12847,-12846]} 1. e4 c5 2. Nf3 d6 3. d4 cxd4 4. Nxd4 Nf6 5. Nc3 Nc6 6. Bg5 e6 7. Qd2 Be7 8. f4 a6 $1 {[%mdl 4] is now more promising than 8...0-0. B63: Sicilian: Richter-Rauzer: 7...Be7 and unusual Black 7th moves.} 9. Nxc6 (9. O-O-O $1 $14) 9... bxc6 $11 10. e5 dxe5 {The position is equal.} 11. Qxd8+ Bxd8 12. fxe5 {[#]} Nd7 $146 {[%csl LRe5,LRg5]} ({Predecessor:} 12... h6 13. exf6 hxg5 14. fxg7 Rg8 15. Ne4 Be7 16. O-O-O Rxg7 17. Nd6+ Bxd6 18. Rxd6 Bb7 {0-1 (32) Baeuml,U (2068)-Juettner,A (2200) Augsburg 2001}) 13. Bxd8 Kxd8 14. O-O-O Ke7 15. Re1 a5 16. g3 Nc5 17. Bg2 Bd7 (17... Bb7 $14) 18. Rhf1 $16 Rab8 19. a3 g5 20. Nd1 ({Better is} 20. Rd1 $16) 20... Na4 $14 21. b3 Nb6 22. Nc3 c5 $1 {[%cal Bc6c5,Bc5c4,Bc4b3,Bb3b2][%mdl 32]} 23. Rf2 c4 24. Ref1 Rhf8 25. Ne4 cxb3 26. Nd6 {[#] Prevents Nc4. Loses the game.} (26. Nxg5 $11 {and White has nothing to worry.} b2+ 27. Kxb2 Nc4+ 28. Ka2 Nxe5 29. Nxh7) 26... b2+ $1 $19 27. Kxb2 {[%cal Rf2f7]} Nc4+ $1 28. Kc1 Nxe5 {Dancing on a razor blade.} 29. Ne4 Bb5 30. Rd1 Rfc8 31. Nd6 Nd3+ 32. Rxd3 Bxd3 33. Nxc8+ Rxc8 {[%mdl 4096] Endgame KRB-KRB} 34. Kb2 Bf5 35. Bf1 h5 36. c4 Rb8+ 37. Kc3 a4 38. Rb2 $2 (38. Kd4) 38... Rxb2 39. Kxb2 {KB-KB} Kd6 40. Kc3 Kc5 41. Be2 Bg4 42. Bd3 Bd1 {aiming for ...f5.} 43. h4 (43. Kd2 $142 Bb3 44. h4) 43... gxh4 44. gxh4 f5 45. Kd2 Bf3 $2 (45... Bg4 {White must now prevent ...f4.} 46. Ke3 e5) 46. Ke3 {[#]} Bg4 {And now ...e5 would win.} 47. Bc2 Kxc4 48. Bxa4 e5 49. Bc2 $2 (49. Bc6) 49... Kc3 {Black is clearly winning.} 50. Ba4 Kb2 51. Bc6 Kxa3 52. Kd2 Kb4 53. Kd3 Kc5 54. Bb7 Kd6 55. Ba8 Bd1 56. Bb7 Bb3 57. Bg2 Bd5 58. Bf1 Kc5 {( -> ...Bc4+)} 59. Kc3 {Prevents Bc4.} f4 60. Ba6 e4 {[%cal Be5e4,Be4e3][%mdl 32]} 61. Bf1 e3 62. Ba6 Bc6 {Weighted Error Value: White=0.58/Black=0.28 (precise)} 0-1

[Event "15th Lazio Festival 2022"]
[Site "Rome"]
[Date "2022.01.03"]
[Round "2.6"]
[White "Lami, Damiano"]
[Black "De Ieso, Lorenzo"]
[Result "1-0"]
[WhiteElo "2019"]
[BlackElo "1687"]
[Annotator "TA"]
[PlyCount "31"]
[EventDate "2022.01.02"]
[EventType "swiss"]
[EventCountry "ITA"]
[SourceTitle "playchess.com"]
[Source "ChessBase"]
[SourceQuality "1"]

{[%evp 12,30,18,0,6,4,60,55,191,203,189,148,299,292,287,276,669,649,29998,29999,29999]} 1. e4 e5 2. Nc3 Nc6 3. Bc4 Nf6 4. d3 Na5 5. Bb3 Nxb3 6. axb3 d5 7. exd5 Nxd5 {7...Nxd5 scores better than 7...Bb4. C28: Vienna Game: 2...Nf6 3 Bc4 Nc6.} 8. Qh5 Qd6 (8... Nb4 $11 9. Qxe5+ Be7) 9. Nf3 $14 Nf4 (9... Nb4 $14 10. Kd1 Be6) 10. Bxf4 $18 ({Not} 10. Qxe5+ Qxe5+ 11. Nxe5 Nxg2+ 12. Ke2 Be7 $11) 10... exf4 11. O-O {[#]} ({White should play} 11. Nb5 $18 Qe7+ 12. Kd2 (12. Qe5 Qxe5+ 13. Nxe5 Bd6 $16)) 11... c6 $146 (11... Be7 $16 12. Ne4 Qc6) ({Predecessor:} 11... Be7 12. Nb5 Qd8 13. Qe5 O-O 14. Qxc7 Bd7 15. Qxd8 Rfxd8 16. Nc3 Bd6 17. Rfe1 h6 {0-1 (68) Nestorovic,K (1990)-Akman,O (1930) Veliko Gradiste 2017}) 12. Rfe1+ (12. Ng5 Qg6 13. Rfe1+ Be7 14. Qxg6 hxg6 $16) 12... Be7 {[#]} 13. Ne4 $1 ({Less strong is} 13. Ng5 Qg6 14. Qxg6 hxg6 $16) 13... Qc7 (13... Qd5 14. Qxd5 cxd5) 14. Nfg5 {Pair of Knights!} g6 15. Nf6+ Kf8 16. Qh6# {Black did not feel at home in the position after the opening.  Weighted Error Value: White=0.05 (flawless) /Black=1.36} 1-0

[Event "15th Lazio Festival 2022"]
[Site "Rome"]
[Date "2022.01.03"]
[Round "3.1"]
[White "Petrov, Marian"]
[Black "Corvi, Marco"]
[Result "1/2-1/2"]
[WhiteElo "2461"]
[BlackElo "2288"]
[Annotator "ChessBase"]
[PlyCount "46"]
[EventDate "2022.01.02"]
[EventType "swiss"]
[EventCountry "ITA"]
[SourceTitle "playchess.com"]
[Source "ChessBase"]
[SourceQuality "1"]
[TimeControl "5400+30"]

1. e4 {[%emt 0:01:38]} c5 {[%emt 0:00:19]} 2. c3 {[%emt 0:01:16]} Nf6 {[%emt 0:00:29]} 3. e5 {[%emt 0:00:08]} Nd5 {[%emt 0:00:05]} 4. Nf3 {[%emt 0:00:29]} Nc6 {[%emt 0:04:17]} 5. d4 {[%emt 0:01:22]} cxd4 {[%emt 0:00:10]} 6. cxd4 {[%emt 0:00:32]} d6 {[%emt 0:02:30]} 7. Bc4 {[%emt 0:02:01]} Nb6 {[%emt 0:05:43]} 8. Bb5 {[%emt 0:00:24]} dxe5 {[%emt 0:02:47]} 9. Nxe5 {[%emt 0:00:10]} Bd7 {[%emt 0:01:14]} 10. Nxd7 {[%emt 0:03:26]} Qxd7 {[%emt 0:00:09]} 11. Nc3 {[%emt 0:00:25]} Rd8 {[%emt 0:03:13]} 12. O-O {[%emt 0:16:53]} e6 {[%emt 0:06:05]} 13. Bxc6 {[%emt 0:11:08]} bxc6 {[%emt 0:05:21]} 14. Bg5 {[%emt 0:04:39]} Be7 {[%emt 0:00:50]} 15. Bxe7 {[%emt 0:08:01]} Qxe7 {[%emt 0:00:06]} 16. Qf3 {[%emt 0:00:04]} O-O {[%emt 0:01:27]} 17. Qxc6 {[%emt 0:04:00]} Rxd4 {[%emt 0:01:25]} 18. Rfd1 {[%emt 0:01:00]} Rxd1+ {[%emt 0:03:31]} 19. Rxd1 {[%emt 0:00:04]} Rc8 {[%emt 0:03:20]} 20. Qb5 {[%emt 0:00:40]} h6 {[%emt 0:02:54]} 21. a4 {[%emt 0:03:10]} Rc5 {[%emt 0:04:51]} 22. Qe2 {[%emt 0:07:42]} Rc7 {[%emt 0:05:18]} 23. Qb5 {[%emt 0:11:37]} Rc5 {[%emt 0:03:25]} 1/2-1/2

[Event "15th Lazio Festival 2022"]
[Site "Rome"]
[Date "2022.01.03"]
[Round "3.2"]
[White "Maxion, Dirk"]
[Black "Aghayev, Miragha"]
[Result "0-1"]
[WhiteElo "2089"]
[BlackElo "2393"]
[Annotator "ChessBase"]
[PlyCount "92"]
[EventDate "2022.01.02"]
[EventType "swiss"]
[EventCountry "ITA"]
[SourceTitle "playchess.com"]
[Source "ChessBase"]
[SourceQuality "1"]
[TimeControl "5400+30"]

1. e4 {[%emt 0:00:51]} e5 {[%emt 0:05:51]} 2. Nf3 {[%emt 0:00:22]} Nc6 {[%emt 0:00:07]} 3. Bb5 {[%emt 0:01:52]} a6 {[%emt 0:00:59]} 4. Ba4 {[%emt 0:01:02]} Nf6 {[%emt 0:01:49]} 5. d3 {[%emt 0:05:31]} d6 {[%emt 0:01:50]} 6. c3 {[%emt 0:00:42]} g6 {[%emt 0:00:17]} 7. O-O {[%emt 0:03:00]} Bg7 {[%emt 0:00:07]} 8. Re1 {[%emt 0:02:36]} O-O {[%emt 0:06:09]} 9. Nbd2 {[%emt 0:00:23]} b5 {[%emt 0:01:05]} 10. Bb3 {[%emt 0:00:56]} Re8 {[%emt 0:00:50]} 11. Ng5 {[%emt 1:18:45]} Rf8 {[%emt 1:16:56]} 12. Nf1 {[%emt 0:00:00]} h6 {[%emt 0:00:30]} 13. Nf3 {[%emt 0:00:00]} d5 {[%emt 0:00:00]} 14. Ng3 {[%emt 0:00:00]} Re8 {[%emt 0:00:00]} 15. h3 {[%emt 0:00:00]} Be6 {[%emt 0:00:00]} 16. a4 {[%emt 0:00:00]} dxe4 {[%emt 0:00:00]} 17. dxe4 {[%emt 0:00:00]} Qxd1 {[%emt 0:00:00]} 18. Bxd1 {[%emt 0:00:00]} Nd7 {[%emt 0:00:00]} 19. axb5 {[%emt 0:00:00]} axb5 {[%emt 0:00:00]} 20. Rxa8 {[%emt 0:00:00]} Rxa8 {[%emt 0:00:00]} 21. Be2 {[%emt 0:00:00]} Bc4 {[%emt 0:00:00]} 22. Be3 {[%emt 0:00:00]} Bxe2 {[%emt 0:00:00]} 23. Rxe2 {[%emt 0:00:00]} Ra1+ {[%emt 0:00:00]} 24. Re1 {[%emt 0:00:00]} Ra2 {[%emt 0:00:00]} 25. Rd1 {[%emt 0:00:00]} Nf6 {[%emt 0:00:00]} 26. Rb1 {[%emt 0:00:00]} Bf8 {[%emt 0:00:00]} 27. Nd2 {[%emt 0:00:00]} Na5 {[%emt 0:00:00]} 28. Ne2 {[%emt 0:00:00]} Nc4 {[%emt 0:00:00]} 29. Nxc4 {[%emt 0:00:00]} bxc4 {[%emt 0:00:00]} 30. f3 {[%emt 0:00:00]} Nd7 {[%emt 0:00:00]} 31. Kf1 {[%emt 0:00:00]} Kg7 {[%emt 0:00:00]} 32. Nc1 {[%emt 0:00:00]} Ra8 {[%emt 0:00:00]} 33. Ne2 {[%emt 0:00:57]} Bc5 {[%emt 0:00:00]} 34. Bc1 {[%emt 0:00:39]} Bb6 {[%emt 0:00:00]} 35. Ng3 {[%emt 0:00:59]} Ra2 {[%emt 0:00:00]} 36. Ke1 {[%emt 0:02:56]} Nc5 {[%emt 0:00:00]} 37. Ne2 {[%emt 0:01:07]} Nd3+ {[%emt 0:00:00]} 38. Kd1 {[%emt 0:00:29]} Bf2 {[%emt 0:00:00]} 39. f4 {[%emt 0:01:24]} exf4 {[%emt 0:00:12]} 40. Nxf4 {[%emt 0:02:26]} Nxc1 {[%emt 0:00:16]} 41. Rxc1 {[%emt 0:00:18]} Be3 {[%emt 0:00:17]} 42. Nd5 {[%emt 0:00:15]} Bxc1 {[%emt 0:00:09]} 43. Kxc1 {[%emt 0:00:15]} Ra1+ {[%emt 0:00:12]} 44. Kd2 {[%emt 0:00:15]} Rb1 {[%emt 0:00:22]} 45. Kc2 {[%emt 0:00:07]} Re1 {[%emt 0:00:29]} 46. Nxc7 {[%emt 0:01:02]} Re2+ {[%emt 0:00:09]} 0-1

[Event "15th Lazio Festival 2022"]
[Site "Rome"]
[Date "2022.01.03"]
[Round "3.3"]
[White "D`antonio, Neri"]
[Black "Lami, Damiano"]
[Result "1/2-1/2"]
[WhiteElo "2280"]
[BlackElo "2019"]
[Annotator "ChessBase"]
[PlyCount "136"]
[EventDate "2022.01.02"]
[EventType "swiss"]
[EventCountry "ITA"]
[SourceTitle "playchess.com"]
[Source "ChessBase"]
[SourceQuality "1"]
[TimeControl "5400+30"]

1. e4 {[%emt 0:01:44]} d5 {[%emt 0:01:32]} 2. exd5 {[%emt 0:00:06]} Qxd5 {[%emt 0:00:46]} 3. Nc3 {[%emt 0:00:05]} Qa5 {[%emt 0:00:07]} 4. d4 {[%emt 0:00:06]} Nf6 {[%emt 0:00:06]} 5. Nf3 {[%emt 0:00:04]} Bf5 {[%emt 0:00:17]} 6. Ne5 {[%emt 0:00:15]} c6 {[%emt 0:01:30]} 7. Bd3 {[%emt 0:01:02]} Bxd3 {[%emt 0:03:35]} 8. Qxd3 {[%emt 0:00:05]} Nbd7 {[%emt 0:01:08]} 9. Nxd7 {[%emt 0:00:21]} Nxd7 {[%emt 0:00:34]} 10. O-O {[%emt 0:00:09]} e6 {[%emt 0:02:09]} 11. Ne4 {[%emt 0:00:10]} Be7 {[%emt 0:01:06]} 12. Qg3 {[%emt 0:00:07]} Rg8 {[%emt 0:17:04]} 13. c4 {[%emt 0:12:58]} O-O-O {[%emt 0:12:24]} 14. Be3 {[%emt 0:06:43]} Nf6 {[%emt 0:29:32]} 15. Nc3 {[%emt 0:07:12]} Bd6 {[%emt 0:01:21]} 16. Qf3 {[%emt 0:00:48]} Qh5 {[%emt 0:01:59]} 17. Qxh5 {[%emt 0:00:28]} Nxh5 {[%emt 0:00:05]} 18. Rfd1 {[%emt 0:05:08]} Bf4 {[%emt 0:10:42]} 19. b4 {[%emt 0:05:33]} Bxe3 {[%emt 0:05:06]} 20. fxe3 {[%emt 0:00:16]} Nf6 {[%emt 0:00:28]} 21. h3 {[%emt 0:20:59]} Rd7 {[%emt 0:00:05]} 22. Rd2 {[%emt 0:05:31]} Rgd8 {[%emt 0:00:20]} 23. Rad1 {[%emt 0:01:40]} b6 {[%emt 0:00:25]} 24. Kf2 {[%emt 0:07:06]} h6 {[%emt 0:02:17]} 25. Kf3 {[%emt 0:00:45]} Kc7 {[%emt 0:00:22]} 26. e4 {[%emt 0:24:09]} a6 {[%emt 0:08:30]} 27. a4 {[%emt 0:00:30]} Ne8 {[%emt 0:00:30]} 28. c5 {[%emt 0:00:00]} a5 {[%emt 0:00:00]} 29. cxb6+ {[%emt 0:00:00]} Kxb6 {[%emt 0:00:00]} 30. b5 {[%emt 0:00:00]} Rc7 {[%emt 0:00:00]} 31. Rb2 {[%emt 0:00:00]} cxb5 {[%emt 0:00:00]} 32. Nxb5 {[%emt 0:00:00]} Rc4 {[%emt 0:00:00]} 33. Nd6+ {[%emt 0:00:00]} Rb4 {[%emt 0:00:00]} 34. Rxb4+ {[%emt 0:00:52]} axb4 {[%emt 0:00:00]} 35. Nxf7 {[%emt 0:01:59]} Rc8 {[%emt 0:00:00]} 36. d5 {[%emt 0:01:07]} exd5 {[%emt 0:00:00]} 37. Rxd5 {[%emt 0:00:24]} Nc7 {[%emt 0:00:00]} 38. a5+ {[%emt 0:00:32]} Ka6 {[%emt 0:00:00]} 39. Rc5 {[%emt 0:00:26]} b3 {[%emt 0:00:00]} 40. Rc3 {[%emt 0:00:38]} Rb8 {[%emt 0:00:00]} 41. Rc1 {[%emt 0:00:27]} b2 {[%emt 0:00:00]} 42. Rb1 {[%emt 0:00:02]} Rf8 {[%emt 0:00:00]} 43. Rxb2 {[%emt 0:00:06]} Rxf7+ {[%emt 0:00:00]} 44. Kg4 {[%emt 0:00:35]} Kxa5 {[%emt 0:00:00]} 45. Rb8 {[%emt 0:00:50]} Ne6 {[%emt 0:00:02]} 46. g3 {[%emt 0:00:36]} Rf8 {[%emt 0:01:57]} 47. Rb7 {[%emt 0:00:22]} Re8 {[%emt 0:03:42]} 48. Kf5 {[%emt 0:00:38]} Ka6 {[%emt 0:01:12]} 49. Rd7 {[%emt 0:00:48]} Kb5 {[%emt 0:00:20]} 50. e5 {[%emt 0:00:32]} Kc5 {[%emt 0:00:11]} 51. g4 {[%emt 0:00:28]} Nd4+ {[%emt 0:01:21]} 52. Ke4 {[%emt 0:00:33]} Ne6 {[%emt 0:00:25]} 53. Kf5 {[%emt 0:00:06]} Nd4+ {[%emt 0:00:41]} 54. Ke4 {[%emt 0:00:46]} Nc6 {[%emt 0:00:31]} 55. Rxg7 {[%emt 0:00:19]} Rxe5+ {[%emt 0:00:15]} 56. Kf4 {[%emt 0:00:15]} Re6 {[%emt 0:00:10]} 57. g5 {[%emt 0:00:32]} hxg5+ {[%emt 0:00:37]} 58. Rxg5+ {[%emt 0:00:32]} Kd4 {[%emt 0:00:07]} 59. h4 {[%emt 0:00:41]} Nd8 {[%emt 0:00:55]} 60. Rg1 {[%emt 0:00:34]} Rf6+ {[%emt 0:00:21]} 61. Kg5 {[%emt 0:00:23]} Rf8 {[%emt 0:00:14]} 62. Rd1+ {[%emt 0:00:11]} Ke5 {[%emt 0:00:10]} 63. Re1+ {[%emt 0:00:27]} Kd5 {[%emt 0:00:11]} 64. h5 {[%emt 0:00:35]} Ne6+ {[%emt 0:00:07]} 65. Kg6 {[%emt 0:00:30]} Rf2 {[%emt 0:01:16]} 66. h6 {[%emt 0:00:44]} Rg2+ {[%emt 0:00:04]} 67. Kf6 {[%emt 0:00:22]} Rf2+ {[%emt 0:00:10]} 68. Kg6 {[%emt 0:00:07]} Rg2+ {[%emt 0:00:07]} 1/2-1/2

[Event "15th Lazio Festival 2022"]
[Site "Rome"]
[Date "2022.01.03"]
[Round "3.4"]
[White "Maione, Melissa"]
[Black "Agostini, Maurizio"]
[Result "1-0"]
[WhiteElo "1866"]
[BlackElo "1972"]
[Annotator "ChessBase"]
[PlyCount "123"]
[EventDate "2022.01.02"]
[EventType "swiss"]
[EventCountry "ITA"]
[SourceTitle "playchess.com"]
[Source "ChessBase"]
[SourceQuality "1"]
[TimeControl "5400+30"]

1. e4 {[%emt 0:00:03]} c5 {[%emt 0:00:03]} 2. Nf3 {[%emt 0:00:06]} g6 {[%emt 0:00:03]} 3. d4 {[%emt 0:00:07]} cxd4 {[%emt 0:00:04]} 4. Nxd4 {[%emt 0:00:10]} Bg7 {[%emt 0:00:05]} 5. c4 {[%emt 0:00:16]} Nc6 {[%emt 0:00:07]} 6. Be3 {[%emt 0:00:08]} d6 {[%emt 0:00:31]} 7. Nc3 {[%emt 0:00:30]} Nf6 {[%emt 0:00:04]} 8. Be2 {[%emt 0:00:29]} O-O {[%emt 0:00:09]} 9. O-O {[%emt 0:01:00]} Bd7 {[%emt 0:00:03]} 10. Qd2 {[%emt 0:00:45]} Nxd4 {[%emt 0:00:20]} 11. Bxd4 {[%emt 0:00:28]} Bc6 {[%emt 0:00:08]} 12. f3 {[%emt 0:00:22]} a5 {[%emt 0:00:29]} 13. b3 {[%emt 0:00:43]} Nd7 {[%emt 0:00:06]} 14. Be3 {[%emt 0:00:41]} Nc5 {[%emt 0:00:57]} 15. Rab1 {[%emt 0:03:55]} Qb6 {[%emt 0:07:21]} 16. Rfc1 {[%emt 0:01:34]} Qb4 {[%emt 0:11:06]} 17. Rc2 {[%emt 0:05:41]} Rfe8 {[%emt 0:05:01]} 18. Qc1 {[%emt 0:03:56]} Qb6 {[%emt 0:10:08]} 19. a3 {[%emt 0:03:32]} Qc7 {[%emt 0:05:06]} 20. Qe1 {[%emt 0:04:20]} a4 {[%emt 0:13:23]} 21. b4 {[%emt 0:01:59]} Nb3 {[%emt 0:00:17]} 22. Qf2 {[%emt 0:00:28]} e5 {[%emt 0:04:57]} 23. b5 {[%emt 0:02:58]} Nd4 {[%emt 0:02:48]} 24. Rcc1 {[%emt 0:01:20]} Bd7 {[%emt 0:01:38]} 25. Bd1 {[%emt 0:01:42]} Be6 {[%emt 0:38:06]} 26. Rb4 {[%emt 0:10:02]} Nb3 {[%emt 0:00:00]} 27. Bxb3 {[%emt 0:01:47]} axb3 {[%emt 0:00:00]} 28. Nd5 {[%emt 0:01:02]} Qa5 {[%emt 0:00:00]} 29. Rxb3 {[%emt 0:00:34]} Bxd5 {[%emt 0:00:00]} 30. cxd5 {[%emt 0:00:44]} Rec8 {[%emt 0:00:00]} 31. Qb2 {[%emt 0:01:52]} Rc4 {[%emt 0:00:00]} 32. Qd2 {[%emt 0:03:36]} Qa4 {[%emt 0:01:45]} 33. Rxc4 {[%emt 0:01:17]} Qxb3 {[%emt 0:00:53]} 34. Qc3 {[%emt 0:01:23]} Qxb5 {[%emt 0:00:50]} 35. Rc8+ {[%emt 0:00:22]} Rxc8 {[%emt 0:00:53]} 36. Qxc8+ {[%emt 0:00:05]} Bf8 {[%emt 0:00:02]} 37. h3 {[%emt 0:03:55]} f6 {[%emt 0:00:55]} 38. Kh2 {[%emt 0:00:44]} Kf7 {[%emt 0:00:32]} 39. Qe6+ {[%emt 0:01:27]} Kg7 {[%emt 0:00:03]} 40. Bd2 {[%emt 0:01:13]} Qb6 {[%emt 0:01:02]} 41. Qe8 {[%emt 0:01:49]} Qc7 {[%emt 0:00:33]} 42. Bh6+ {[%emt 0:00:37]} Kxh6 {[%emt 0:00:02]} 43. Qxf8+ {[%emt 0:00:06]} Kg5 {[%emt 0:00:41]} 44. h4+ {[%emt 0:01:03]} Kf4 {[%emt 0:00:45]} 45. Qh6+ {[%emt 0:00:09]} g5 {[%emt 0:00:02]} 46. Qxf6+ {[%emt 0:00:06]} Ke3 {[%emt 0:00:03]} 47. Qxg5+ {[%emt 0:00:08]} Ke2 {[%emt 0:00:49]} 48. Qh5 {[%emt 0:00:08]} Ke3 {[%emt 0:01:08]} 49. Qh6+ {[%emt 0:01:03]} Ke2 {[%emt 0:00:09]} 50. a4 {[%emt 0:01:57]} Kd3 {[%emt 0:00:46]} 51. h5 {[%emt 0:00:39]} Qe7 {[%emt 0:00:30]} 52. Kh3 {[%emt 0:00:05]} Qd7+ {[%emt 0:00:22]} 53. Qe6 {[%emt 0:00:10]} Qd8 {[%emt 0:00:43]} 54. Qf7 {[%emt 0:01:15]} Qc8+ {[%emt 0:00:29]} 55. Qf5 {[%emt 0:01:00]} Qc7 {[%emt 0:00:31]} 56. h6 {[%emt 0:00:22]} Qc1 {[%emt 0:00:26]} 57. Qxh7 {[%emt 0:00:26]} Qh1+ {[%emt 0:00:03]} 58. Kg3 {[%emt 0:00:09]} Qe1+ {[%emt 0:00:58]} 59. Kg4 {[%emt 0:00:05]} Qf1 {[%emt 0:00:31]} 60. g3 {[%emt 0:00:08]} Ke3 {[%emt 0:00:23]} 61. Qf5 {[%emt 0:00:27]} Qh1 {[%emt 0:00:37]} 62. h7 {[%emt 0:00:15]} 1-0

[Event "15th Lazio Festival 2022"]
[Site "Rome"]
[Date "2022.01.03"]
[Round "3.5"]
[White "Castelfranchi, Carlo"]
[Black "Brozzi, Danilo"]
[Result "1/2-1/2"]
[WhiteElo "1914"]
[BlackElo "1728"]
[Annotator "ChessBase"]
[PlyCount "51"]
[EventDate "2022.01.02"]
[EventType "swiss"]
[EventCountry "ITA"]
[SourceTitle "playchess.com"]
[Source "ChessBase"]
[SourceQuality "1"]
[TimeControl "5400+30"]

1. e4 {[%emt 0:00:05]} e5 {[%emt 0:00:15]} 2. Nf3 {[%emt 0:00:11]} Nf6 {[%emt 0:00:04]} 3. Nxe5 {[%emt 0:00:42]} d6 {[%emt 0:00:04]} 4. Nf3 {[%emt 0:00:21]} Nxe4 {[%emt 0:00:05]} 5. d4 {[%emt 0:01:11]} d5 {[%emt 0:00:16]} 6. Bd3 {[%emt 0:00:08]} Bf5 {[%emt 0:01:50]} 7. O-O {[%emt 0:00:58]} Be7 {[%emt 0:00:19]} 8. Re1 {[%emt 0:00:41]} O-O {[%emt 0:00:14]} 9. c4 {[%emt 0:05:11]} c6 {[%emt 0:00:28]} 10. cxd5 {[%emt 0:13:55]} cxd5 {[%emt 0:00:03]} 11. Qb3 {[%emt 0:01:01]} Nc6 {[%emt 0:17:50]} 12. Nc3 {[%emt 0:07:32]} Bb4 {[%emt 0:04:55]} 13. a3 {[%emt 0:13:59]} Bxc3 {[%emt 0:02:36]} 14. bxc3 {[%emt 0:00:02]} Na5 {[%emt 0:00:51]} 15. Qb4 {[%emt 0:06:20]} Rc8 {[%emt 0:00:57]} 16. Bf4 {[%emt 0:07:04]} b6 {[%emt 0:05:18]} 17. Rac1 {[%emt 0:06:23]} Nc4 {[%emt 0:03:22]} 18. Bxe4 {[%emt 0:15:15]} Bxe4 {[%emt 0:00:40]} 19. Nd2 {[%emt 0:04:45]} Bd3 {[%emt 0:06:25]} 20. Nxc4 {[%emt 0:02:16]} Bxc4 {[%emt 0:01:33]} 21. Qe7 {[%emt 0:03:20]} a5 {[%emt 0:02:31]} 22. Bd6 {[%emt 0:02:54]} Qxe7 {[%emt 0:00:08]} 23. Rxe7 {[%emt 0:00:26]} Rfe8 {[%emt 0:01:09]} 24. Rce1 {[%emt 0:01:06]} Rxe7 {[%emt 0:00:09]} 25. Rxe7 {[%emt 0:00:46]} b5 {[%emt 0:00:07]} 26. Bc5 {[%emt 0:02:34]} 1/2-1/2

[Event "15th Lazio Festival 2022"]
[Site "Rome"]
[Date "2022.01.03"]
[Round "3.6"]
[White "Giri, Andrea"]
[Black "Buffoni, Luca"]
[Result "1-0"]
[WhiteElo "1560"]
[BlackElo "1778"]
[Annotator "NA"]
[PlyCount "85"]
[EventDate "2022.01.02"]
[EventType "swiss"]
[EventCountry "ITA"]
[SourceTitle "playchess.com"]
[Source "ChessBase"]
[SourceQuality "1"]
[TimeControl "5400+30"]

1. d4 {[%emt 1:31:00]} f5 {[%emt 1:31:00]} 2. g4 {[%emt 0:00:30]} fxg4 {[%emt 0:00:30]} 3. h3 {[%emt 0:00:30]} g3 {[%emt 0:00:30]} 4. fxg3 {[%emt 0:00:30]} d5 {[%emt 0:00:30]} 5. Bg2 {[%emt 0:00:30]} Nf6 {[%emt 0:00:30]} 6. Nc3 {[%emt 0:00:30]} Bf5 {[%emt 0:00:30]} 7. Bg5 {[%emt 0:00:30]} Nbd7 {[%emt 0:00:30]} 8. Nxd5 {[%emt 0:00:30]} c6 {[%emt 0:00:30]} 9. Nxf6+ {[%emt 0:00:30]} Nxf6 {[%emt 0:00:30]} 10. Bxf6 {[%emt 0:00:30]} exf6 {[%emt 0:00:30]} 11. e4 {[%emt 0:00:30]} Bg6 {[%emt 0:00:30]} 12. Ne2 {[%emt 0:00:30]} Bd6 {[%emt 0:00:30]} 13. Qd3 {[%emt 0:00:30]} Qc7 {[%emt 0:00:30]} 14. O-O-O {[%emt 0:00:30]} O-O {[%emt 0:00:30]} 15. h4 {[%emt 0:00:30]} Qa5 {[%emt 0:00:30]} 16. Nc3 {[%emt 0:00:30]} b5 {[%emt 0:00:30]} 17. h5 {[%emt 0:00:30]} Bf7 {[%emt 0:00:30]} 18. h6 {[%emt 0:00:30]} g6 {[%emt 0:00:30]} 19. e5 {[%emt 0:00:30]} fxe5 {[%emt 0:00:30]} 20. Bxc6 {[%emt 0:00:30]} Bc4 {[%emt 0:00:30]} 21. Qe4 {[%emt 0:00:30]} b4 {[%emt 0:00:30]} 22. Bd5+ {[%emt 0:00:30]} Bxd5 {[%emt 0:00:30]} 23. Qxd5+ {[%emt 0:00:30]} Qxd5 {[%emt 0:00:30]} 24. Nxd5 {[%emt 0:00:30]} exd4 {[%emt 0:00:30]} 25. Rxd4 {[%emt 0:00:30]} a5 {[%emt 0:00:30]} 26. g4 {[%emt 0:00:30]} Rac8 {[%emt 0:00:30]} 27. g5 {[%emt 0:00:30]} Be5 {[%emt 0:00:30]} 28. Re4 {[%emt 0:00:30]} Bd6 {[%emt 0:00:30]} 29. Re6 {[%emt 0:00:30]} Bf4+ {[%emt 0:00:30]} 30. Nxf4 {[%emt 0:00:30]} Rxf4 {[%emt 0:00:30]} 31. Rhe1 {[%emt 0:00:30]} Rf2 {[%emt 0:00:30]} 32. Re8+ {[%emt 0:00:30]} Rxe8 {[%emt 0:00:30]} 33. Rxe8+ {[%emt 0:00:30]} Kf7 {[%emt 0:00:30]} 34. Rh8 {[%emt 0:00:30]} Rg2 {[%emt 0:00:30]} 35. Rxh7+ {[%emt 0:00:30]} Kf8 {[%emt 0:00:30]} 36. Rh8+ {[%emt 0:00:30]} Kf7 {[%emt 0:00:30]} 37. Ra8 {[%emt 0:00:30]} Rh2 {[%emt 0:00:30]} 38. Ra7+ {[%emt 0:00:30]} Ke6 {[%emt 0:00:30]} 39. Rxa5 {[%emt 0:00:30]} Rg2 {[%emt 0:00:30]} 40. b3 {[%emt 0:00:30]} Rg4 {[%emt 0:00:30]} 41. Kb2 {[%emt 0:00:30]} Rg3 {[%emt 0:00:30]} 42. Rb5 {[%emt 0:00:30]} Rg4 {[%emt 0:00:30]} 43. a4 {[%emt 0:00:30]} 1-0